000 00836nam a22002057a 4500
999 _c19493
_d19493
003 AR-CdUCM
008 190517b ||||| |||| 00| 0 spa d
040 _aMUNICIPALIDAD PROVINCIAL DEL CUSCO
_cBIBLIOTECA MUNICIPAL DEL CUSCO
082 _a937.01 /
_bB94
100 _aBurian, J
_940854
245 _aLos romanos y su imperio /
260 _aBuenos Aires :
_bCartago,
_c1966.
300 _a189 paginas ;
_bIlustraciones, graficos, dibujos,
_c20 cm.
505 _aContenido: Los origenes de la historia de Roma -- De la ciudad estado el imperio mundial -- Alborea de la literatura romana -- Crisis y caida de la republica romana -- La literatura en el periodo de la crisis de la republica...
650 _aRepublica
_9831
650 _aRomanos
_914808
650 _aImperio
_94567
942 _2ddc
_cLIBROS
945 _apjha
_d2019-05-17